000 00719nam a22002057a 4500
003 BD-DhJNU
005 20250407045442.0
008 250407b |||||||| |||| 00| 0 eng d
020 _a9780415841856
020 _a978203764077
040 _aBD-DhJNU
_bENG
_cBD-DhJNU
_dBD-DhJNU
082 _223
_a302.231
245 _aCritique, social media and the information society :
_broutledge studies in science, technology and society /
_cEdited by Christian Fuchs and Marisol Sandova
260 _aLondon :
_bRoutledge Taylor & Francis Group,
_c2014.
300 _aviii, 267 p. :
_bill. ;
_c24 cm.
650 _aSocial Media
700 _aFuchs, Christian
_eEditor
700 _aSandova, Marisol
_eEditor
942 _2ddc
_cBK
_n0
999 _c1538
_d1538